000 00366 a2200169 4500
001 161276
020 _a85-262-1927-8
040 _cMagnum
100 _aCarr, Stella
240 1 0 _aPor trás do nevoeiro
_lpor
245 1 0 _aPor trás do nevoeiro
300 _a88
362 0 _a1992
440 1 _aScipione
697 _aLITERATURA INFANTO-JUVENIL
942 _cBK
999 _c161276
_d161276